QCM - Combien de temps dure cette musique ? - Statistiques

Statistiques générales
  • Ce quiz a été pris 10 fois
    5 depuis la dernière actualisation
  • Le résultat moyen est 11 sur 20
Statistiques - réponses
Question Réponse % Correct
Hotel California des Eagles Plus de 5 minutes
100%
Somebody Told Me de The Killers Entre 3 et 5 minutes
80%
A Sky Full Of Stars de Coldplay Entre 3 et 5 minutes
80%
Dis-moi de BB Brunes Moins de 3 minutes
80%
Bones d'Imagine Dragons Moins de 3 minutes
80%
Bohemian Rhapsody de Queen Plus de 5 minutes
80%
Not Like Us de Kendrick Lamar Entre 3 et 5 minutes
60%
Don't Look Back In Anger d'Oasis Entre 3 et 5 minutes
60%
Can't Feel My Face de The Weeknd Entre 3 et 5 minutes
60%
Song 2 de Blur Moins de 3 minutes
60%
Oh, Pretty Woman de Roy Orbison Moins de 3 minutes
60%
Blue d'Eiffel 61 Entre 3 et 5 minutes
40%
Boys Don't Cry de The Cure Moins de 3 minutes
40%
Too Long de Daft Punk Plus de 5 minutes
40%
Zombie des Cranberries Plus de 5 minutes
40%
Levels d'Avicii Plus de 5 minutes
40%
Get Lucky des Daft Punk, Pharrell Williams et Nile Rodgers Plus de 5 minutes
40%
Rap God d'Eminem Plus de 5 minutes
20%
Virtual Insanity de Jamiroquai Plus de 5 minutes
20%
Smells Like Teen Spirit de Nirvana Plus de 5 minutes
20%
Aucun quiz correspondant
Distribution des résultats
% des personnes avec chaque résultat
Percentile par nombre de réponses
Votre historique - résultats
Vous n’avez pas pris ce quiz depuis la dernière actualisation